Clinical Anatomy of the Eye (Record no. 1737)

MARC details
000 -LEADER
fixed length control field 00897pam a2200277 a 4500
001 - CONTROL NUMBER
control field 710517
003 - CONTROL NUMBER IDENTIFIER
control field OSt
005 - DATE AND TIME OF LATEST TRANSACTION
control field 20230221171127.0
008 - FIXED-LENGTH DATA ELEMENTS--GENERAL INFORMATION
fixed length control field 970828s1998 maua b 001 0 eng c
010 ## - LIBRARY OF CONGRESS CONTROL NUMBER
LC control number 97039908
020 ## - INTERNATIONAL STANDARD BOOK NUMBER
International Standard Book Number 063204344X (pbk.)
040 ## - CATALOGING SOURCE
Original cataloging agency DNLM/DLC
Transcribing agency DLC
Modifying agency DLC
050 00 - LIBRARY OF CONGRESS CALL NUMBER
Classification number QM511
Item number .S64 1998
060 10 - NATIONAL LIBRARY OF MEDICINE CALL NUMBER
Classification number WW101 671c 1997
082 00 - DEWEY DECIMAL CLASSIFICATION NUMBER
Edition number 21
100 1# - MAIN ENTRY--PERSONAL NAME
Personal name Snell, Richard S.; Lemp, Michael A.
9 (RLIN) 793
245 10 - TITLE STATEMENT
Title Clinical Anatomy of the Eye
250 ## - EDITION STATEMENT
Edition statement 2nd ed.
260 ## - PUBLICATION, DISTRIBUTION, ETC. (IMPRINT)
Place of publication, distribution, etc. Malden;
Name of publisher, distributor, etc. Blackwell Science,
Date of publication, distribution, etc. 1998.
300 ## - PHYSICAL DESCRIPTION
Extent viii, 423 p. :
Other physical details ill. (some col.) ;
Dimensions 24 cm.
504 ## - BIBLIOGRAPHY, ETC. NOTE
Bibliography, etc Includes bibliographical references and index.
650 #0 - SUBJECT ADDED ENTRY--TOPICAL TERM
Topical term or geographic name as entry element Eye Anatomy.
9 (RLIN) 4578
906 ## - LOCAL DATA ELEMENT F, LDF (RLIN)
a 7
b cbc
c orignew
d 1
e ocip
f 19
g y-gencatlg
942 ## - ADDED ENTRY ELEMENTS (KOHA)
Source of classification or shelving scheme Other/Generic Classification Scheme
Koha item type Short Loan
Holdings
Withdrawn status Lost status Source of classification or shelving scheme Damaged status Not for loan Home library Current library Date acquired Source of acquisition Inventory number Total Checkouts Full call number Barcode Date last seen Koha item type
    Other/Generic Classification Scheme     MUST Main Library MUST Main Library 11/05/2015 Purchase 05/23515   WW 101 S27c 1998 2015-1380 11/05/2015 Short Loan
    Other/Generic Classification Scheme     MUST Main Library MUST Main Library 21/05/2015 Purchase 05/23414   WW 101 S27c 1998 2015-1521 21/05/2015 Short Loan